संकल्पः साक्षरता-सन्दर्भ / (Record no. 56088)
[ view plain ]
| 000 -LEADER | |
|---|---|
| fixed length control field | 01087nam a22002537a 4500 |
| 005 - DATE AND TIME OF LATEST TRANSACTION | |
| control field | 20110830103322.0 |
| 010 ## - LCCN (DPL NO) | |
| LC control number | G-001092 |
| 020 ## - INTERNATIONAL STANDARD BOOK NUMBER | |
| Terms of availability | 30.00 |
| International Standard Book Number | 978190545372 |
| 035 ## - SYSTEM CONTROL NUMBER | |
| System control number | G-001092 |
| 037 ## - SOURCE OF ACQUISITION | |
| Source of stock number/acquisition | उपहार |
| Stock number | |
| 082 ## - DEWEY DECIMAL CLASSIFICATION NUMBER | |
| Classification number | 374.012 |
| 100 ## - MAIN ENTRY--PERSONAL NAME | |
| Personal name | राहुल |
| 245 ## - TITLE STATEMENT | |
| Title | संकल्पः साक्षरता-सन्दर्भ / |
| Statement of responsibility, etc | राहुल |
| Remainder of title | |
| 260 ## - PUBLICATION, DISTRIBUTION, ETC. (IMPRINT) | |
| Place of publication, distribution, etc | दिल्ली |
| Name of publisher, distributor, etc | नवशिला प्रकाशन |
| Date of publication, distribution, etc | 2009 |
| 270 ## - ADDRESS | |
| Address | ए-75, श्रीराम कालोनी, निलोठी एक्स, नांगलोई |
| City | दिल्ली |
| State or province | |
| Telephone number | |
| 300 ## - PHYSICAL DESCRIPTION | |
| Extent | 24पृ |
| Dimensions | 21 सेमी (अजिल्द) |
| Other physical details | सचित्र |
| 500 ## - GENERAL NOTE | |
| General note | |
| 650 ## - SUBJECT ADDED ENTRY--TOPICAL TERM | |
| Topical term or geographic name as entry element | |
| 650 ## - SUBJECT ADDED ENTRY--TOPICAL TERM | |
| Topical term or geographic name as entry element | |
| 700 ## - ADDED ENTRY--PERSONAL NAME | |
| Personal name | |
| 9 (RLIN) | 33649 |
| 942 ## - ADDED ENTRY ELEMENTS (KOHA) | |
| Institution code [OBSOLETE] | dpl |
| Item type | Children Books |
| Source of classification or shelving scheme | Dewey Decimal Classification |
| Call number suffix | राहुल |
| Classification part | 374.012 |
| Withdrawn status | Lost status | Not for loan | Collection code | Home library | Current library | Date acquired | Source of acquisition | Cost, normal purchase price | Full call number | Barcode | Copy number | Cost, replacement price | Koha item type |
|---|---|---|---|---|---|---|---|---|---|---|---|---|---|
| Non-fiction | Katevara | Katevara | 30/08/2011 | उपहार | 30.00 | 374.012 राहुल | G-001092 | 1 | 30.00 | Children Books |
